000 00276nam a22001097a 4500
008 160518b xxu||||| |||| 00| 0 eng d
020 _a0781724147
041 _aeng
080 _a615
245 _aTextbook of therapeutics:
_cEric T. Herfindal; Dick R. Gourley;
942 _2udc
_cBK
999 _c2164
_d2164